00727nam a22002297a 4500003000500000005001700005008004100022010001000063011001000073035001000083040000900093082001500102100001900117245007900136260008900215300000900304490002500313650005700338650005600395700002100451830002500472CHAP20220329134044.0971013s1980 r 00010 d a14739 a15711 a19787 cCHAP a630.72bB400aBengtsson, Bo. aStrengthening national agricultural research; report from a SAREC workshop aStockholm :bSwedish Agency for Reseach Cooperation with Developing Countries,c1980 a2 v. aSAREC. Reportv; 1-214aAgriculturaxInvestigacionxPaises subdesarrollados.14aPolítica científicaxPaíses subdesarrollados.0 aTedla, Getachew.0 aSAREC. Reportv; 1-2